• 首页
  • 本馆介绍
  • 公告通知
  • 最新文献
  • 馆藏检索
  • 电子资源
  • 读者导购
  • 参考咨询
  • 我的图书馆
  • 登录
  • 详细信息显示
  • 放入我的书架
  • 预约/预借图书
  • 作者相关作品
  • 分类相关作品
  • 丛书相关作品
  • 出版社相关作品

书目信息

  • 表格格式
  • 工作单格式
  • 卡片格式
题名:
诠释体育精神与文化
    
 
作者: 顾碧威, 著
分册:  
出版信息: 北京   北京工业大学出版社  2021.1
页数: 151页
开本: 26cm
丛书名:
单 册:
中图分类: G837.19
科图分类:
主题词: 团体操--tuan ti cao--编排 (体育)--高等学校
电子资源:
ISBN: 978-7-5639-7211-1
000 01658nam0 2200265 450
001 012001003393
005 20141204153015.0
010    @a978-7-5639-7211-1@dCNY56.00
099    @aCAL 012022010545
100    @a20220905d2021 em y0chiy50 ea
101 0  @achi
102    @aCN@b110000
105    @aa a 000yy
106    @ar
200 1  @a诠释体育精神与文化@Aquan shi ti yu jing shen yu wen hua@e高校团体操创编理论与实践@f顾碧威著
210    @a北京@c北京工业大学出版社@d2021.1
215    @a151页@c图@d26cm
320    @a有书目 (第149-151页)
330    @a全书共七章。第一章为绪论, 主要阐述了团体操的起源与发展、团体操的分类与特点以及团体操的价值与作用等内容; 第二章为高校团体操的基本元素, 主要阐述了动作与变化、队形与图案、音乐与播音以及艺术装饰等内容; 第三章为高校团体操创编原则与程序, 主要阐述了团体操创编原则、团体操表演结构与高潮安排以及团体操创编程序等内容; 第四章为高校团体操队形与图案创编, 主要阐述了队形与图案设计的基本原则、场内表演队形与图案编排、队形与图案变化的规律与方法以及常见的队形变化与过渡实例等内容; 第五章为高校团体操的表演动作创编, 主要阐述了动作创编的素材与处理、团体操动作集体配合方法、波浪分类及原理以及创编表演动作的要求等内容; 第六章为高校团体操的背景与场地布置, 主要阐述了高校团体操的背景和高校团体操的场地布置等内容; 第七章为高校团体操的组织、训练与表演, 主要阐述了高校团体操的组织、高校团体操的训练工作以及高校团体操的表演等内容。
517 1  @a高校团体操创编理论与实践@Agao xiao tuan ti cao chuang bian li lun yu shi jian
606 0  @a团体操@Atuan ti cao@x编排 (体育)@x高等学校
690    @aG837.19@v5
701  0 @a顾碧威,@Agu bi wei@f1988-@4著
801  0 @aCN@bAHXH@c20221111
905    @b1377738-42@dG837.19@e265@f5
    
    诠释体育精神与文化:高校团体操创编理论与实践/顾碧威著.-北京:北京工业大学出版社,2021.1
    151页:图;26cm
    
    
    ISBN 978-7-5639-7211-1:CNY56.00
    全书共七章。第一章为绪论, 主要阐述了团体操的起源与发展、团体操的分类与特点以及团体操的价值与作用等内容; 第二章为高校团体操的基本元素, 主要阐述了动作与变化、队形与图案、音乐与播音以及艺术装饰等内容; 第三章为高校团体操创编原则与程序, 主要阐述了团体操创编原则、团体操表演结构与高潮安排以及团体操创编程序等内容; 第四章为高校团体操队形与图案创编, 主要阐述了队形与图案设计的基本原则、场内表演队形与图案编排、队形与图案变化的规律与方法以及常见的队形变化与过渡实例等内容; 第五章为高校团体操的表演动作创编, 主要阐述了动作创编的素材与处理、团体操动作集体配合方法、波浪分类及原理以及创编表演动作的要求等内容; 第六章为高校团体操的背景与场地布置, 主要阐述了高校团体操的背景和高校团体操的场地布置等内容; 第七章为高校团体操的组织、训练与表演, 主要阐述了高校团体操的组织、高校团体操的训练工作以及高校团体操的表演等内容。
●
相关链接 在E读中查询图书 在五车中查询图书 在当当中查询图书 在豆瓣中查询图书


正题名:诠释体育精神与文化     索取号:G837.19/265         预约/预借

序号 登录号 条形码 馆藏地/架位号 状态 备注
1 1377738   213777386   第一样本阅览室/ [索取号:G837.19/265] 在馆    
2 1377739   213777395   教育系资料室/ [索取号:G837.19/265] 在馆    
3 1377740   213777402   教育系资料室/ [索取号:G837.19/265] 在馆    
4 1377741   213777411   第四借阅区/ [索取号:G837.19/265] 在馆    
5 1377742   213777420   第四借阅区/ [索取号:G837.19/265] 在馆    
唐山师范学院图书馆 欢迎您!
大连网信软件有限公司© 版权所有